| 000 | 00377nam a2200145Ia 4500 | ||
|---|---|---|---|
| 008 | 230917s9999||||xx |||||||||||||| ||und|| | ||
| 040 |
_e62826 _aMAIN |
||
| 041 | _aEnglish | ||
| 082 | _a380.1 J62N | ||
| 100 | _aJohnson, Harry G, ed. | ||
| 245 | 0 | _aNew trade strategy for the world economy | |
| 260 |
_aLondon _bGeorge Allen and Unwin _c1969 |
||
| 300 | _a344 p. | ||
| 942 | _cBK | ||
| 999 |
_c46302 _d46302 |
||